L'imagination africaine de l'Occident (notice n° 2065370)

détails MARC
000 -LEADER
fixed length control field 00697cam a2200157 4500500
005 - DATE AND TIME OF LATEST TRANSACTION
control field 20260405003215.0
041 ## - LANGUAGE CODE
Language code of text/sound track or separate title fre
042 ## - AUTHENTICATION CODE
Authentication code dc
100 10 - MAIN ENTRY--PERSONAL NAME
Personal name Lado, Ludovic
Relator term author
245 00 - TITLE STATEMENT
Title L'imagination africaine de l'Occident
260 ## - PUBLICATION, DISTRIBUTION, ETC.
Date of publication, distribution, etc. 2005.<br/>
500 ## - GENERAL NOTE
General note 71
520 ## - SUMMARY, ETC.
Summary, etc. Résumé« Sortir du pays » pour aller se « débrouiller chez les Blancs » est devenu un rêve pour beaucoup de jeunes Africains frustrés par des situations socio-politiques désolantes. L’étranger représente l’espace de l’espoir.
786 0# - DATA SOURCE ENTRY
Note Études | 403 | 7 | 2005-07-01 | p. 17-27 | 0014-1941
856 41 - ELECTRONIC LOCATION AND ACCESS
Uniform Resource Identifier <a href="https://shs.cairn.info/revue-etudes-2005-7-page-17?lang=fr&redirect-ssocas=7080">https://shs.cairn.info/revue-etudes-2005-7-page-17?lang=fr&redirect-ssocas=7080</a>

Pas d'exemplaire disponible.

PLUDOC

PLUDOC est la plateforme unique et centralisée de gestion des bibliothèques physiques et numériques de Guinée administré par le CEDUST. Elle est la plus grande base de données de ressources documentaires pour les Étudiants, Enseignants chercheurs et Chercheurs de Guinée.

Adresse

627 919 101/664 919 101

25 boulevard du commerce
Kaloum, Conakry, Guinée

Réseaux sociaux

Powered by Netsen Group @ 2025